Let's talk about this / (Record no. 31980)

000 -LEADER
fixed length control field 00521nam a2200169 4500
008 - FIXED-LENGTH DATA ELEMENTS--GENERAL INFORMATION
fixed length control field 240516b |||||||| |||| 00| 0 eng d
020 ## - INTERNATIONAL STANDARD BOOK NUMBER
International Standard Book Number 9781734982275
020 ## - INTERNATIONAL STANDARD BOOK NUMBER
International Standard Book Number 9781734982213
020 ## - INTERNATIONAL STANDARD BOOK NUMBER
International Standard Book Number 9781735287485
050 ## - LIBRARY OF CONGRESS CALL NUMBER
Classification number PS3552 .G58 2020
100 ## - MAIN ENTRY--PERSONAL NAME
Personal name Gitaa Moraa
245 ## - TITLE STATEMENT
Title Let's talk about this /
Statement of responsibility, etc. Moraa Gitaa
260 ## - PUBLICATION, DISTRIBUTION, ETC. (IMPRINT)
Place of publication, distribution, etc. Eldama Ravine, Kenya :
Name of publisher, distributor, etc. Worlds Unknown Publishers,
Date of publication, distribution, etc. 2020.
300 ## - PHYSICAL DESCRIPTION
Extent 204 pages ;
Dimensions 22 cm
650 ## - SUBJECT ADDED ENTRY--TOPICAL TERM
Topical term or geographic name as entry element Fiction
General subdivision Novel
942 ## - ADDED ENTRY ELEMENTS (KOHA)
Source of classification or shelving scheme
Koha item type Special Collection
Classification part PS3552 .G58 2020
Holdings
Withdrawn status Lost status Source of classification or shelving scheme Damaged status Not for loan Home library Current library Shelving location Date acquired Source of acquisition Cost, normal purchase price Total Checkouts Full call number Barcode Date last seen Price effective from Koha item type
          MACHAKOS UNIVERSITY LIBRARY MACHAKOS UNIVERSITY LIBRARY Special Collection 16/04/2024 Purchase-Urban books center 3500.00   PS3552 .G58 2020 39779 15/04/2024 16/05/2024 Special Collection
© Machakos University Library, Along The Highway, Machakos Wote Rd, Machakos, Kenya P.O. Box 136 - 90100 Machakos - Kenya

Tel: ( +254 ) 723 805829 OR Fax : 044-20353 OR Email: library@mksu.ac.ke